[Event "Empires Fall inv"]
[Site "Vancouver CAN"]
[Date "2003.04.05"]
[Round "3"]
[White "Ruelland, Geoffrey"]
[Black "Kosinski, George"]
[Result "0-1"]
[WhiteElo "1878"]
[BlackElo "1964"]
[PlyCount "62"]
[EventDate "2003.04.04"]
[EventType "tourn"]
[EventRounds "5"]
[EventCountry "CAN"]

1. e4 c5 2. Nf3 e6 3. d4 cxd4 4. Nxd4 Nf6 5. Bd3 Nc6 6. Be3 Bb4+ 7. c3 Be7 8.
O-O O-O 9. f4 d6 10. Qe2 Qc7 11. Nd2 a6 12. c4 b6 13. Rac1 Bb7 14. h3 Rac8 15.
Qf2 Nd7 16. Nxc6 Bxc6 17. b4 Bb7 18. Nf3 Bd8 19. Rfe1 Qb8 20. Nh2 Qa8 21. Bd4
e5 22. Ba1 a5 23. a3 axb4 24. axb4 Qa4 25. Qb2 b5 26. fxe5 dxe5 27. Nf3 bxc4
28. Bxc4 Kh8 29. Qe2 Qxb4 30. Nxe5 Nxe5 31. Bxe5 Qc5+ 0-1

[Event "Empires Fall inv"]
[Site "Vancouver CAN"]
[Date "2003.04.06"]
[Round "4"]
[White "Kosinski, George"]
[Black "Chan, James"]
[Result "1/2-1/2"]
[WhiteElo "1964"]
[BlackElo "1997"]
[PlyCount "83"]
[EventDate "2003.04.04"]
[EventType "tourn"]
[EventRounds "5"]
[EventCountry "CAN"]

1. Nf3 f5 2. g3 g6 3. Bg2 Bg7 4. O-O Nf6 5. d3 O-O 6. Nbd2 d6 7. Re1 e5 8. e4
Nc6 9. Nf1 fxe4 10. dxe4 Nh5 11. Bg5 Bf6 12. Bh6 Bg7 13. Bxg7 Kxg7 14. Ne3 h6
15. c3 Be6 16. Qe2 Qd7 17. b3 Rf7 18. Rad1 Raf8 19. Rd2 Bh3 20. Bh1 Nf6 21. Nh4
Ne7 22. Qd3 Nh5 23. Bg2 Kh7 24. Bxh3 Qxh3 25. Qf1 Qc8 26. Qg2 Ng8 27. Rf1 Ngf6
28. f3 Qd8 29. Qh3 Ng8 30. Rdf2 Qg5 31. Qg4 Qxg4 32. Nxg4 Ngf6 33. Ne3 Ng7 34.
Kg2 Ne6 35. Kg1 Ng5 36. Kg2 Nh5 37. Ng4 Ng7 38. Ne3 N7e6 39. Rd2 Nc5 40. Re2
Nge6 41. Rc2 Ng5 42. Re2 1/2-1/2

[Event "Empires Fall inv"]
[Site "Vancouver CAN"]
[Date "2003.04.06"]
[Round "4"]
[White "Neufahrt, Gerhard"]
[Black "Ruelland, Geoffrey"]
[Result "1-0"]
[WhiteElo "2064"]
[BlackElo "1878"]
[PlyCount "73"]
[EventDate "2003.04.04"]
[EventType "tourn"]
[EventRounds "5"]
[EventCountry "CAN"]

1. e4 c5 2. f4 d5 3. e5 e6 4. Nc3 Nc6 5. Nf3 Qb6 6. Be2 Nge7 7. d3 Nf5 8. Bd2
Be7 9. Na4 Qc7 10. O-O O-O 11. b3 f6 12. c3 fxe5 13. g4 Nh6 14. Nxe5 Nxe5 15.
fxe5 Qxe5 16. Rxf8+ Bxf8 17. Bxh6 gxh6 18. Qd2 Bd7 19. Nxc5 Bc6 20. d4 Bxc5 21.
dxc5 Qg5 22. Rd1 e5 23. b4 Rd8 24. b5 Be8 25. a4 Bf7 26. Qxg5+ hxg5 27. Bf3 Rc8
28. Bxd5 Rxc5 29. Bxf7+ Kxf7 30. Rd7+ Kg6 31. Rxb7 Rxc3 32. Rxa7 e4 33. Ra6+
Kf7 34. b6 Rb3 35. a5 Ke6 36. b7+ Kd7 37. Rb6 1-0

[Event "Empires Fall inv"]
[Site "Vancouver CAN"]
[Date "2003.04.06"]
[Round "5"]
[White "Buck, Stephen"]
[Black "Kosinski, George"]
[Result "1/2-1/2"]
[WhiteElo "1884"]
[BlackElo "1964"]
[PlyCount "50"]
[EventDate "2003.04.04"]
[EventType "tourn"]
[EventRounds "5"]
[EventCountry "CAN"]

1. c4 e5 2. Nc3 Nf6 3. Nf3 d6 4. g3 g6 5. Bg2 Bg7 6. d4 Nbd7 7. O-O O-O 8. e4
Re8 9. d5 Nc5 10. Qc2 a5 11. h3 h5 12. Be3 b6 13. Nh4 Nh7 14. Qd2 Bf6 15. Nf3
Kh8 16. Ne1 g5 17. Nd3 Nxd3 18. Qxd3 Rg8 19. Kh2 Nf8 20. Rh1 Ng6 21. f3 h4 22.
g4 Nf4 23. Qd2 Qd7 24. b3 Ba6 25. Rhc1 Bb7 1/2-1/2

[Event "Empires Fall inv"]
[Site "Vancouver CAN"]
[Date "2003.04.06"]
[Round "5"]
[White "Chan, James"]
[Black "Neufahrt, Gerhard"]
[Result "1/2-1/2"]
[WhiteElo "1997"]
[BlackElo "2064"]
[PlyCount "40"]
[EventDate "2003.04.04"]
[EventType "tourn"]
[EventRounds "5"]
[EventCountry "CAN"]

1. d4 g6 2. c4 c6 3. Nc3 d5 4. cxd5 cxd5 5. Qb3 e6 6. Bf4 Bd6 7. Bxd6 Qxd6 8.
Nb5 Qe7 9. Rc1 Nc6 10. e3 Nf6 11. Nf3 O-O 12. Be2 Ne4 13. O-O Bd7 14. Nc3 Na5
15. Qd1 Nxc3 16. Rxc3 Rac8 17. Qc2 b5 18. Rc5 Nb7 19. Rxc8 Rxc8 20. Qd2 a6
1/2-1/2

[Event "Empires Fall inv"]
[Site "Vancouver CAN"]
[Date "2003.04.06"]
[Round "5"]
[White "Ruelland, Geoffrey"]
[Black "Griffiths, Morgan"]
[Result "0-1"]
[WhiteElo "1878"]
[BlackElo "2174"]
[PlyCount "38"]
[EventDate "2003.04.04"]
[EventType "tourn"]
[EventRounds "5"]
[EventCountry "CAN"]

1. e4 d6 2. d4 Nf6 3. Nc3 g6 4. f4 Bg7 5. Nf3 c5 6. dxc5 Qa5 7. Bd3 Qxc5 8. Qe2
Nc6 9. Be3 Qa5 10. h3 Nh5 11. Kf2 Bxc3 12. bxc3 Qxc3 13. e5 dxe5 14. fxe5 O-O
15. Rab1 Nxe5 16. Nxe5 Qxe5 17. Qf3 Qf6 18. Be4 Qh4+ 19. g3 Nxg3 0-1

[Event "English Bay FIDE inv"]
[Site "Vancouver CAN"]
[Date "2003.04.25"]
[Round "1.1"]
[White "Yoos, John"]
[Black "Milicevic, Dragoljub"]
[Result "1-0"]
[WhiteElo "2360"]
[BlackElo "2245"]
[PlyCount "117"]
[EventDate "2003.04.25"]
[EventType "tourn"]
[EventRounds "5"]
[EventCountry "CAN"]

1. e4 d5 2. exd5 Nf6 3. d4 Nxd5 4. c4 Nb6 5. Nf3 g6 6. Nc3 Bg7 7. Be2 O-O 8.
O-O Nc6 9. d5 Ne5 10. c5 Nbd7 11. Be3 Nxf3+ 12. Bxf3 Ne5 13. Be2 f5 14. f4 Nf7
15. Bc4 a6 16. Qb3 b6 17. cxb6 Nd6 18. Be2 Rb8 19. bxc7 Qxc7 20. Qa3 Nc4 21.
Bxc4 Qxc4 22. Rfd1 Re8 23. Rac1 Qb4 24. Qxb4 Rxb4 25. b3 Bd7 26. g3 Rc8 27. Ne2
Kf7 28. Rxc8 Bxc8 29. Bd4 Bxd4+ 30. Nxd4 Bd7 31. Kf2 Rb7 32. Rc1 Ke8 33. Rc5
Kd8 34. Ke3 Rb6 35. Nf3 Rb4 36. Nd4 Rb6 37. Kd3 e6 38. dxe6 Bxe6 39. Rc6 Rxc6
40. Nxc6+ Kc7 41. Ne5 Kb6 42. Kd4 a5 43. Nd3 Bd7 44. b4 a4 45. a3 Kb5 46. Nc1
h6 47. Ne2 g5 48. Nc3+ Kb6 49. Ke5 Kc7 50. Kf6 Kd6 51. h4 gxh4 52. gxh4 h5 53.
Kg6 Ke7 54. Kxh5 Kf6 55. Kh6 Be8 56. h5 Bc6 57. b5 Be8 58. b6 Bc6 59. Nxa4 1-0

[Event "English Bay FIDE inv"]
[Site "Vancouver CAN"]
[Date "2003.04.25"]
[Round "1.2"]
[White "Meng, Fanhao"]
[Black "Moura, Eduardo"]
[Result "1/2-1/2"]
[WhiteElo "2249"]
[BlackElo "2235"]
[PlyCount "87"]
[EventDate "2003.04.25"]
[EventType "tourn"]
[EventRounds "5"]
[EventCountry "CAN"]

1. e4 c5 2. c3 d5 3. exd5 Qxd5 4. d4 Nf6 5. Nf3 Bg4 6. Be2 e6 7. O-O Nc6 8. Be3
cxd4 9. cxd4 Bb4 10. Nc3 Qd7 11. Qb3 O-O 12. Rfd1 Nd5 13. Nxd5 exd5 14. h3 Bxf3
15. Bxf3 Rad8 16. Bg5 f6 17. Bf4 Ba5 18. Rac1 Bb6 19. Rc5 Bxc5 20. dxc5 Ne7 21.
Bd6 Rfe8 22. Bh5 Ng6 23. Qxd5+ Qf7 24. Bf3 Ne5 25. Qxf7+ Nxf7 26. Bxb7 Nxd6 27.
cxd6 Re2 28. b4 Kf8 29. a4 Re6 30. d7 Rb6 31. Bc8 Rxb4 32. a5 Rb5 33. a6 Ke7
34. Re1+ Re5 35. Rb1 Rd5 36. Rb7 R8xd7 37. Bxd7 Rxd7 38. f4 Kd6 39. Rb2 Kc5 40.
Kf2 g6 41. Rb7 Kc6 42. Rb2 Kc5 43. Rb7 Kc6 44. Rb2 1/2-1/2

[Event "English Bay FIDE inv"]
[Site "Vancouver CAN"]
[Date "2003.04.25"]
[Round "1.3"]
[White "Sladek, Vaclav"]
[Black "Fullbrook, Nigel"]
[Result "1/2-1/2"]
[WhiteElo "2063"]
[BlackElo "2236"]
[PlyCount "48"]
[EventDate "2003.04.25"]
[EventType "tourn"]
[EventRounds "5"]
[EventCountry "CAN"]

1. d4 d5 2. Bg5 h6 3. Bh4 c6 4. e3 Bf5 5. Bd3 Bxd3 6. Qxd3 Qb6 7. b3 Nd7 8. Nf3
Ngf6 9. O-O e6 10. Nbd2 Bd6 11. c4 Qa6 12. e4 dxe4 13. Nxe4 Nxe4 14. Qxe4 O-O
15. Rfd1 Rae8 16. Bg3 f5 17. Qd3 f4 18. Bh4 Rf7 19. g3 b6 20. gxf4 Bxf4 21. Bg3
Qa5 22. Qe4 Bxg3 23. fxg3 Qf5 24. Qxf5 Rxf5 1/2-1/2

[Event "English Bay FIDE inv"]
[Site "Vancouver CAN"]
[Date "2003.04.26"]
[Round "2.1"]
[White "Milicevic, Dragoljub"]
[Black "Fullbrook, Nigel"]
[Result "1-0"]
[WhiteElo "2247"]
[BlackElo "2236"]
[PlyCount "76"]
[EventDate "2003.04.25"]
[EventType "tourn"]
[EventRounds "5"]
[EventCountry "CAN"]

1. Nf3 d5 2. g3 Bf5 3. Bg2 e6 4. O-O Nf6 5. c4 c6 6. b3 Nbd7 7. Bb2 Bd6 8. d3
O-O 9. Nbd2 h6 10. Re1 e5 11. e4 dxe4 12. dxe4 Be6 13. Qc2 Qc7 14. Nf1 b6 15.
Ne3 g6 16. Rad1 Rfd8 17. h3 a5 18. a3 Bf8 19. g4 Re8 20. Re2 Ra7 21. Red2 b5
22. Bf1 b4 23. a4 Bc5 24. Re1 Nh7 25. Nf5 Bf8 26. Red1 f6 27. Nd6 Bxd6 28. Rxd6
Nhf8 29. c5 Nb8 30. Bc1 Qf7 31. R1d3 g5 32. Be3 h5 33. Nh2 Kg7 34. Be2 hxg4 35.
hxg4 Ng6 36. Nf1 Nf4 37. Bxf4 gxf4 38. Rh3 Rh8 1-0

[Event "English Bay FIDE inv"]
[Site "Vancouver CAN"]
[Date "2003.04.26"]
[Round "2.2"]
[White "Moura, Eduardo"]
[Black "Sladek, Vaclav"]
[Result "1/2-1/2"]
[WhiteElo "2235"]
[BlackElo "2063"]
[PlyCount "57"]
[EventDate "2003.04.25"]
[EventType "tourn"]
[EventRounds "5"]
[EventCountry "CAN"]

1. d4 d5 2. c4 c6 3. cxd5 cxd5 4. Nc3 Nf6 5. Bf4 Nc6 6. e3 e6 7. Nf3 Bd6 8.
Bxd6 Qxd6 9. Bd3 O-O 10. O-O a6 11. Rc1 e5 12. dxe5 Nxe5 13. Nxe5 Qxe5 14. Qf3
d4 15. exd4 Qxd4 16. h3 Be6 17. Rfd1 Qb4 18. Ne4 Nxe4 19. Qxe4 Qxe4 20. Bxe4
Rab8 21. a3 g6 22. Rd6 a5 23. Rc7 b5 24. Ra7 a4 25. Bd5 Bxd5 26. Rxd5 Rfd8 27.
Rdd7 Rxd7 28. Rxd7 Kg7 29. Kf1 1/2-1/2

[Event "English Bay FIDE inv"]
[Site "Vancouver CAN"]
[Date "2003.04.26"]
[Round "3.1"]
[White "Meng, Fanhao"]
[Black "Milicevic, Dragoljub"]
[Result "1-0"]
[WhiteElo "2249"]
[BlackElo "2247"]
[PlyCount "113"]
[EventDate "2003.04.25"]
[EventType "tourn"]
[EventRounds "5"]
[EventCountry "CAN"]

1. e4 g6 2. d4 Bg7 3. Nc3 d6 4. Be3 c6 5. Qd2 b5 6. f4 e6 7. Bd3 Ne7 8. Nf3 Qc7
9. O-O O-O 10. e5 d5 11. g4 f5 12. exf6 Bxf6 13. Bf2 Nd7 14. Rae1 Nb6 15. b3
Bd7 16. Kh1 Rae8 17. Nd1 Nec8 18. Bg3 Qd8 19. Nf2 Rf7 20. Nh3 Rg7 21. Ne5 Nd6
22. c3 Nf7 23. Nxd7 Qxd7 24. Re3 Nd8 25. f5 exf5 26. gxf5 Rxe3 27. Qxe3 g5 28.
Be5 Qe7 29. Re1 Nd7 30. Qg3 h6 31. Bxf6 Qxf6 32. Re8+ Kf7 33. Qe3 Rg8 34. Rxg8
Kxg8 35. Qe8+ Nf8 36. Nf2 Nf7 37. Ng4 Qd6 38. f6 Qe6 39. Qxe6 Nxe6 40. Bf5 Ned8
41. b4 h5 42. Ne5 Nxe5 43. dxe5 Kf7 44. Bd7 a6 45. Kg1 Ne6 46. Bxe6+ Kxe6 47.
Kf2 Kf7 48. Ke3 Kg6 49. Kd4 Kf7 50. Kc5 Ke6 51. Kxc6 g4 52. f7 Ke7 53. f8=Q+
Kxf8 54. Kd7 h4 55. e6 g3 56. hxg3 hxg3 57. e7+ 1-0

[Event "English Bay FIDE inv"]
[Site "Vancouver CAN"]
[Date "2003.04.26"]
[Round "3.2"]
[White "Sladek, Vaclav"]
[Black "Yoos, John"]
[Result "0-1"]
[WhiteElo "2360"]
[BlackElo "2065"]
[PlyCount "48"]
[EventDate "2003.04.25"]
[EventType "tourn"]
[EventRounds "5"]
[EventCountry "CAN"]

1. d4 g6 2. c4 Bg7 3. Nc3 d6 4. e4 Nf6 5. Nf3 O-O 6. h3 Qe8 7. Be2 e5 8. d5 a5
9. Be3 Na6 10. g4 Nd7 11. Rg1 Ndc5 12. Nd2 Kh8 13. h4 f5 14. h5 fxg4 15. h6 Bf6
16. Nb3 Qe7 17. Nxc5 Nxc5 18. Bxg4 Bg5 19. Qd2 Bxe3 20. Qxe3 Qh4 21. Be2 Rf4
22. O-O-O Qxh6 23. f3 Bd7 24. Rh1 Qg7 0-1

[Event "English Bay FIDE inv"]
[Site "Vancouver CAN"]
[Date "2003.04.26"]
[Round "3.3"]
[White "Fullbrook, Nigel"]
[Black "Moura, Eduardo"]
[Result "0-1"]
[WhiteElo "2236"]
[BlackElo "2235"]
[PlyCount "40"]
[EventDate "2003.04.25"]
[EventType "tourn"]
[EventRounds "5"]
[EventCountry "CAN"]

1. e4 c6 2. d4 d5 3. e5 Bf5 4. Nc3 e6 5. g4 Bg6 6. Nge2 c5 7. h4 h6 8. Be3 Nc6
9. Qd2 c4 10. f4 Qb6 11. h5 Bh7 12. Bg2 O-O-O 13. f5 Nge7 14. O-O exf5 15. gxf5
Bxf5 16. Nxd5 Nxd5 17. Rxf5 Nxe3 18. Qxe3 Nxd4 19. Nxd4 Rxd4 20. Rxf7 Rd1+ 0-1

[Event "English Bay FIDE inv"]
[Site "Vancouver CAN"]
[Date "2003.04.27"]
[Round "4.1"]
[White "Milicevic, Dragoljub"]
[Black "Moura, Eduardo"]
[Result "1/2-1/2"]
[WhiteElo "2247"]
[BlackElo "2235"]
[PlyCount "106"]
[EventDate "2003.04.25"]
[EventType "tourn"]
[EventRounds "5"]
[EventCountry "CAN"]

1. g3 e5 2. Bg2 Nc6 3. c4 g6 4. e4 Bg7 5. d3 d6 6. Nc3 Nge7 7. Be3 Be6 8. Qd2
Qd7 9. Nd5 h6 10. h4 Nd4 11. Bxd4 exd4 12. Nf4 O-O 13. Nge2 c6 14. Nxe6 Qxe6
15. O-O Kh7 16. Rae1 Qd7 17. Nf4 Rae8 18. Re2 Bf6 19. Bh3 Qc7 20. Rfe1 Rg8 21.
Kh1 Be5 22. f3 g5 23. hxg5 Rxg5 24. Bg4 Rxg4 25. fxg4 Qd7 26. Rh2 Qxg4 27. Nh5
Qf3+ 28. Qg2 Qxd3 29. Qf1 Qxf1+ 30. Rxf1 Kg6 31. Nf4+ Bxf4 32. gxf4 Rh8 33. Rf3
c5 34. Rg3+ Kf6 35. Rgh3 Ng6 36. Rf3 Re8 37. Re2 d3 38. Rxd3 Nxf4 39. Rxd6+ Ke5
40. Rd5+ Ke6 41. Rh2 Nxd5 42. exd5+ Kf5 43. Rxh6 Re1+ 44. Kg2 Re2+ 45. Kf3 Rxb2
46. Rh5+ Kg6 47. Re5 Rxa2 48. Ke3 Ra4 49. Kd3 Ra3+ 50. Kd2 Ra4 51. Kc3 b5 52.
cxb5 Rd4 53. Re8 Kf6 1/2-1/2

[Event "English Bay FIDE inv"]
[Site "Vancouver CAN"]
[Date "2003.04.27"]
[Round "4.2"]
[White "Yoos, John"]
[Black "Fullbrook, Nigel"]
[Result "1-0"]
[WhiteElo "2360"]
[BlackElo "2235"]
[PlyCount "77"]
[EventDate "2003.04.25"]
[EventType "tourn"]
[EventRounds "5"]
[EventCountry "CAN"]

1. e4 e5 2. f4 Bc5 3. Nf3 d6 4. c3 Nf6 5. d4 exd4 6. cxd4 Bb4+ 7. Bd2 Bxd2+ 8.
Nbxd2 O-O 9. Bd3 Nc6 10. O-O Bg4 11. Qb1 h6 12. a3 d5 13. e5 Ne4 14. Bxe4 dxe4
15. Qxe4 Ne7 16. Qxb7 Rb8 17. Qxa7 Rxb2 18. Rfb1 Rxb1+ 19. Rxb1 Nd5 20. h3 Bxf3
21. Nxf3 Nxf4 22. Kh2 f6 23. exf6 Qxf6 24. Rb8 Nd5 25. Rxf8+ Qxf8 26. Qa5 Qf4+
27. Kh1 Qc1+ 28. Qe1 Qxe1+ 29. Nxe1 Nc3 30. Nc2 Kf7 31. Kh2 Ke6 32. Kg3 Kd5 33.
Kf4 Nb5 34. Ne3+ Kxd4 35. Nf5+ Kd3 36. a4 Nd4 37. a5 Nc6 38. a6 Na7 39. Nxg7
1-0

[Event "English Bay FIDE inv"]
[Site "Vancouver CAN"]
[Date "2003.04.27"]
[Round "4.3"]
[White "Meng, Fanhao"]
[Black "Sladek, Vaclav"]
[Result "1-0"]
[WhiteElo "2249"]
[BlackElo "2063"]
[PlyCount "107"]
[EventDate "2003.04.25"]
[EventType "tourn"]
[EventRounds "5"]
[EventCountry "CAN"]

1. e4 c5 2. c3 Nf6 3. d3 Nc6 4. f4 e6 5. Nf3 d5 6. e5 Nd7 7. g3 g6 8. Bg2 h5 9.
Qe2 Ne7 10. Be3 Rb8 11. c4 d4 12. Bf2 b5 13. b3 Qa5+ 14. Qd2 Qc7 15. O-O a6 16.
Qe2 Bb7 17. Ng5 Bxg2 18. Kxg2 Nf5 19. Nd2 Be7 20. Ngf3 Nb6 21. cxb5 axb5 22.
Rfc1 Qb7 23. Ne4 Rc8 24. b4 c4 25. Nxd4 O-O 26. Qf3 Kg7 27. Nxf5+ gxf5 28. Nd6
Qxf3+ 29. Kxf3 Rb8 30. Bxb6 Rxb6 31. dxc4 bxc4 32. Rxc4 Bxd6 33. exd6 Rxd6 34.
Ke2 Rfd8 35. Rc2 Rd4 36. Rb2 h4 37. a4 hxg3 38. hxg3 Re4+ 39. Kf2 Rd3 40. Re1
Rc4 41. Re3 Rdd4 42. Reb3 f6 43. a5 e5 44. fxe5 fxe5 45. a6 Rd1 46. b5 Rcc1 47.
a7 Ra1 48. b6 Rf1+ 49. Ke3 Rfe1+ 50. Kd3 Ra4 51. b7 Rd4+ 52. Kc2 Re2+ 53. Kb1
Rd1+ 54. Ka2 1-0

[Event "English Bay FIDE inv"]
[Site "Vancouver CAN"]
[Date "2003.04.27"]
[Round "5.1"]
[White "Sladek, Vaclav"]
[Black "Milicevic, Dragoljub"]
[Result "1/2-1/2"]
[WhiteElo "2063"]
[BlackElo "2247"]
[PlyCount "62"]
[EventDate "2003.04.25"]
[EventType "tourn"]
[EventRounds "5"]
[EventCountry "CAN"]

1. d4 f5 2. Bg5 g6 3. Nc3 d5 4. e3 Bg7 5. Bd3 Nf6 6. h4 h5 7. Nge2 Be6 8. Bf4
c6 9. O-O Nbd7 10. a4 O-O 11. b4 a5 12. Qb1 b6 13. bxa5 Rxa5 14. f3 Kh7 15. Nd1
Bg8 16. Nf2 Re8 17. Nh3 e5 18. Ng5+ Kh8 19. dxe5 Nxe5 20. Bxe5 Rxe5 21. Nf4 Qe8
22. Qxb6 Ra8 23. Qxc6 Bh7 24. Nf7+ Qxf7 25. Qxa8+ Re8 26. Qc6 Rxe3 27. a5 Ne8
28. Ra4 Bh6 29. Qc5 Re7 30. Kh1 Nc7 31. a6 Bxf4 1/2-1/2

[Event "English Bay FIDE inv"]
[Site "Vancouver CAN"]
[Date "2003.04.27"]
[Round "5.2"]
[White "Fullbrook, Nigel"]
[Black "Meng, Fanhao"]
[Result "1-0"]
[WhiteElo "2236"]
[BlackElo "2249"]
[PlyCount "55"]
[EventDate "2003.04.25"]
[EventType "tourn"]
[EventRounds "5"]
[EventCountry "CAN"]

1. e4 b6 2. d4 Bb7 3. f3 e6 4. c4 d5 5. Nc3 Nf6 6. e5 Nfd7 7. cxd5 exd5 8. f4
c5 9. Nf3 cxd4 10. Nxd4 Bc5 11. Be3 O-O 12. Bd3 Re8 13. O-O f6 14. Qh5 Nf8 15.
Rae1 Nbd7 16. Nf5 g6 17. Nh6+ Kg7 18. Qh3 d4 19. b4 Nxe5 20. fxe5 Rxe5 21. bxc5
dxe3 22. Ng4 Rg5 23. Be4 Ba6 24. Qh6+ Kh8 25. Nxf6 Bxf1 26. Qxg5 Qd4 27. Qxe3
Qxf6 28. Bxa8 1-0

[Event "English Bay FIDE inv"]
[Site "Vancouver CAN"]
[Date "2003.04.27"]
[Round "5.3"]
[White "Moura, Eduardo"]
[Black "Yoos, John"]
[Result "1/2-1/2"]
[WhiteElo "2360"]
[BlackElo "2235"]
[PlyCount "60"]
[EventDate "2003.04.25"]
[EventType "tourn"]
[EventRounds "5"]
[EventCountry "CAN"]

1. e4 c5 2. Nf3 d6 3. d4 cxd4 4. Nxd4 Nf6 5. Nc3 g6 6. Be3 Bg7 7. f3 O-O 8. Qd2
Nc6 9. O-O-O Nxd4 10. Bxd4 Be6 11. Kb1 Qc7 12. g4 Rfc8 13. Rc1 Qa5 14. Rd1 Rxc3
15. Qxc3 Qxa2+ 16. Kc1 Bxg4 17. Bg2 Be6 18. Kd2 Rc8 19. Qe3 Qc4 20. Bc3 d5 21.
e5 Qh4 22. Ke2 Bh6 23. Qf2 Qc4+ 24. Ke1 Nh5 25. Qxa7 Bg5 26. Qd4 Bh4+ 27. Kd2
Bg5+ 28. Ke1 Bh4+ 29. Kd2 Bg5+ 30. Ke1 Bh4+ 1/2-1/2

[Event "Fast Traffic"]
[Site "Ottawa CAN"]
[Date "2003.02.09"]
[Round "1"]
[White "Pacey, Kevin"]
[Black "Neilsen, Steve"]
[Result "1-0"]
[WhiteElo "2248"]
[BlackElo "1867"]
[PlyCount "27"]
[EventDate "2003.02.09"]
[EventType "swiss"]
[EventRounds "4"]
[EventCountry "CAN"]

1. d4 Nf6 2. c4 d5 3. cxd5 Nxd5 4. Nf3 Nc6 5. e4 Nb6 6. h3 e6 7. Nc3 Bb4 8. Be2
O-O 9. O-O Be7 10. Be3 a6 11. d5 exd5 12. exd5 Nb4 13. Bxb6 cxb6 14. a3 1-0

[Event "Fast Traffic"]
[Site "Ottawa CAN"]
[Date "2003.02.09"]
[Round "2"]
[White "Valdizon, Armando"]
[Black "Pacey, Kevin"]
[Result "1/2-1/2"]
[WhiteElo "2227"]
[BlackElo "2248"]
[PlyCount "55"]
[EventDate "2003.02.09"]
[EventType "swiss"]
[EventRounds "4"]
[EventCountry "CAN"]

1. d4 Nf6 2. c4 e6 3. Nc3 c5 4. d5 exd5 5. cxd5 d6 6. e4 g6 7. f3 Bg7 8. Be3
O-O 9. Qd2 Na6 10. Bd3 Nc7 11. Nge2 Rb8 12. a4 b6 13. O-O a6 14. Rab1 b5 15.
axb5 Nxb5 16. Bxb5 axb5 17. b4 Nd7 18. Bh6 Bxh6 19. Qxh6 cxb4 20. Rxb4 Qb6+ 21.
Kh1 Qc5 22. Rfb1 Ne5 23. Qd2 Bd7 24. Nd4 Nc4 25. Qd3 Ne5 26. Qd2 Nc4 27. Qd3
Ne5 28. Qd2 1/2-1/2

[Event "Fast Traffic"]
[Site "Ottawa CAN"]
[Date "2003.02.09"]
[Round "3"]
[White "Pacey, Kevin"]
[Black "Hum, Peter"]
[Result "1-0"]
[WhiteElo "2248"]
[BlackElo "2053"]
[PlyCount "63"]
[EventDate "2003.02.09"]
[EventType "swiss"]
[EventRounds "4"]
[EventCountry "CAN"]

1. e4 c5 2. Nf3 Nc6 3. Bb5 e6 4. Nc3 Nge7 5. O-O a6 6. Bd3 Ng6 7. Ne2 Nge5 8.
Nxe5 Nxe5 9. b3 Qc7 10. Bb2 b5 11. f4 Ng4 12. Ng3 h5 13. Nxh5 Rxh5 14. Qxg4 Rh6
15. c4 Bb7 16. Qe2 b4 17. e5 O-O-O 18. Be4 f5 19. Bxb7+ Qxb7 20. Qf3 Be7 21. d4
Qxf3 22. Rxf3 g5 23. fxg5 Rh5 24. d5 Rg8 25. Bc1 Bxg5 26. d6 Rh4 27. Rg3 Rg4
28. Rxg4 fxg4 29. Bxg5 Rxg5 30. Re1 Rf5 31. Re4 Kd8 32. Rxg4 1-0

[Event "Fast Traffic"]
[Site "Ottawa CAN"]
[Date "2003.02.09"]
[Round "4"]
[White "Nezirovic, Ozren"]
[Black "Pacey, Kevin"]
[Result "0-1"]
[WhiteElo "2188"]
[BlackElo "2248"]
[PlyCount "74"]
[EventDate "2003.02.09"]
[EventType "swiss"]
[EventRounds "4"]
[EventCountry "CAN"]

1. e4 e6 2. d4 d5 3. e5 c5 4. c3 Nc6 5. Nf3 Qb6 6. Be2 cxd4 7. cxd4 Nh6 8. Bxh6
Qxb2 9. Be3 Qxa1 10. Qb3 Bd7 11. O-O Na5 12. Qc2 Rc8 13. Qd2 Nc4 14. Bxc4 Rxc4
15. Na3 Qxf1+ 16. Kxf1 Bxa3 17. Qa5 Ra4 18. Qc3 O-O 19. g3 Rc8 20. Qb3 b6 21.
Kg2 Be7 22. h4 Rb4 23. Qd3 Bb5 24. Qa3 Rc7 25. Bg5 Bf8 26. Qe3 Rb2 27. Qe1 Rcc2
28. Be3 Rxa2 29. h5 Bd3 30. Kh3 b5 31. Nd2 Bb4 32. h6 Bxd2 33. Bxd2 Rxd2 34.
Qc1 gxh6 35. Qc8+ Kg7 36. Qd8 Rxf2 37. g4 Rf3+ 0-1

[Event "Futurity III"]
[Site "Montreal CAN"]
[Date "2003.04.16"]
[Round "1"]
[White "Gilman, Arkadiy"]
[Black "Voskanyan, Vahagn"]
[Result "1/2-1/2"]
[WhiteElo "2202"]
[BlackElo "2303"]
[PlyCount "89"]
[EventDate "2003.04.16"]
[EventType "tourn"]
[EventRounds "9"]
[EventCountry "CAN"]

1. d4 Nf6 2. c4 g6 3. Nc3 d5 4. Nf3 Bg7 5. Bg5 Ne4 6. cxd5 Nxg5 7. Nxg5 e6 8.
Nf3 exd5 9. b4 a5 10. b5 c5 11. bxc6 bxc6 12. e3 O-O 13. Rc1 Re8 14. Be2 a4 15.
O-O Qa5 16. Nb1 Qb6 17. Ne1 Bf5 18. Nd3 Nd7 19. Bg4 Be6 20. Bxe6 Rxe6 21. Qc2
Bf8 22. Nd2 Qa5 23. Nf3 Ba3 24. Rb1 c5 25. dxc5 Nxc5 26. Nxc5 Bxc5 27. Qd3 Bb4
28. Rfd1 Rd8 29. h3 Rb6 30. Nd4 Be7 31. Rxb6 Qxb6 32. Rb1 Qc5 33. Qa6 a3 34.
Nc6 Re8 35. Nxe7+ Rxe7 36. Qa8+ Kg7 37. Rd1 Re5 38. Qa4 Re4 39. Qd7 Re5 40. Qa4
Re4 41. Qd7 Qb4 42. Rxd5 Qb1+ 43. Kh2 Qc2 44. Rd2 Qc5 45. Rd5 1/2-1/2

[Event "Futurity III"]
[Site "Montreal CAN"]
[Date "2003.04.16"]
[Round "1"]
[White "Hebert, Jean"]
[Black "Rousseau, Daniel"]
[Result "1-0"]
[WhiteElo "2452"]
[BlackElo "2065"]
[PlyCount "85"]
[EventDate "2003.04.16"]
[EventType "tourn"]
[EventRounds "9"]
[EventCountry "CAN"]

1. Nf3 Nf6 2. c4 g6 3. Nc3 Bg7 4. d4 O-O 5. Bg5 d6 6. Qc2 Na6 7. e3 c5 8. Be2
Bf5 9. Qd2 Ne4 10. Nxe4 Bxe4 11. O-O h6 12. Bh4 Rb8 13. Rfd1 Re8 14. Rac1 b6
15. a3 Qd7 16. b4 g5 17. Bg3 f5 18. b5 Nc7 19. dxc5 bxc5 20. h4 g4 21. Ne5 Qe6
22. Nd3 Qf7 23. Nxc5 Ba8 24. Nd3 e5 25. a4 Ne6 26. c5 f4 27. exf4 e4 28. c6
exd3 29. Bxd3 Nd4 30. Qb4 d5 31. f5 Nxc6 32. Rxc6 Bxc6 33. Bxb8 Rxb8 34. Qd6
Re8 35. bxc6 Be5 36. Qxh6 g3 37. fxg3 Bxg3 38. Qg5+ Qg7 39. f6 Qxg5 40. hxg5
Bh4 41. Bf5 Bxg5 42. c7 Kf7 43. c8=Q 1-0

[Event "Futurity III"]
[Site "Montreal CAN"]
[Date "2003.04.17"]
[Round "2"]
[White "Rousseau, Daniel"]
[Black "Gilman, Arkadiy"]
[Result "1/2-1/2"]
[WhiteElo "2065"]
[BlackElo "2202"]
[PlyCount "84"]
[EventDate "2003.04.16"]
[EventType "tourn"]
[EventRounds "9"]
[EventCountry "CAN"]

1. e4 e6 2. d4 d5 3. Nc3 Nf6 4. e5 Nfd7 5. f4 c5 6. Nf3 Nc6 7. Be3 cxd4 8. Nxd4
Bc5 9. Qd2 a6 10. O-O-O Nxd4 11. Bxd4 O-O 12. Qf2 Qc7 13. Na4 Bxd4 14. Qxd4 b5
15. Nc3 Rb8 16. Bd3 b4 17. Ne2 Qa5 18. f5 exf5 19. Nf4 Nb6 20. g4 fxg4 21. h3
g3 22. Rhg1 Be6 23. Nh5 Rfc8 24. Rxg3 g6 25. Nf6+ Kf8 26. Nxh7+ Ke7 27. Qh4+
Kd7 28. Nf6+ Kc7 29. Qd4 Kb7 30. Nh7 Qxa2 31. Qxb4 Ka8 32. Qa3 Qxa3 33. bxa3
Nc4 34. Ng5 Nb2 35. Nxe6 Nxd1 36. Kxd1 fxe6 37. Rxg6 Rc6 38. Rh6 Kb7 39. h4 Kb6
40. Kd2 Kc5 41. Ke3 Rb1 42. Rh8 Re1+ 1/2-1/2